000 00611nam a22002177a 4500
003 UA-OsUOA
001 111532
007 ta
008 20150525b un ||||| |||| 00| 0 ukr d
100 _aМоця О.П.
090 _a902
_bМ86
942 _cSA
040 _aUA-OsUOA
_bukr
_cUA-OsUOA
_dUA-OsUOA
245 _a"Внутрішня" Русь у контексті уточнення меж
300 _aС.51-78
955 _a0
041 _aukr
080 _a902
773 0 _w111526
_tАрхеологія
_dК.
_d2015
_g1
650 7 _a9 Географія. Біографії. Історія
_2UDC
999 _c397644
_d397644